000 03663nam a22005535i 4500
001 978-3-319-43470-4
003 DE-He213
005 20210118123055.0
007 cr nn 008mamaa
008 160915s2017 gw | s |||| 0|eng d
020 _a9783319434704
_9978-3-319-43470-4
024 7 _a10.1007/978-3-319-43470-4
_2doi
050 4 _aTK7888.4
072 7 _aTJFC
_2bicssc
072 7 _aTEC008010
_2bisacsh
072 7 _aTJFC
_2thema
082 0 4 _a621.3815
_223
100 1 _aBanerjee, Amal.
_eauthor.
_4aut
_4http://id.loc.gov/vocabulary/relators/aut
245 1 0 _aAutomated Electronic Filter Design
_h[electronic resource] /
_cby Amal Banerjee.
250 _a1st ed. 2017.
264 1 _aCham :
_bSpringer International Publishing :
_bImprint: Springer,
_c2017.
300 _aVIII, 87 p. 35 illus., 13 illus. in color.
_bonline resource.
336 _atext
_btxt
_2rdacontent
337 _acomputer
_bc
_2rdamedia
338 _aonline resource
_bcr
_2rdacarrier
347 _atext file
_bPDF
_2rda
505 0 _aIntroduction and Problem Statement -- Automated Electronic Filter Design Scheme -- Automated Electronic Filter Design Algorithm/Scheme Implementation and Design Examples -- Higher Frequencies (100's of MHz – 10's of GHz) - Physical Constraints and Distributed Filters -- Summary and Conclusion -- Appendix A Using the Automated Filter Design Tool.
520 _aThis book describes a novel, efficient and powerful scheme for designing and evaluating the performance characteristics of any electronic filter designed with predefined specifications. The author explains techniques that enable readers to eliminate complicated manual, and thus error-prone and time-consuming, steps of traditional design techniques. The presentation includes demonstration of efficient automation, using an ANSI C language program, which accepts any filter design specification (e.g. Chebyschev low-pass filter, cut-off frequency, pass-band ripple etc.) as input and generates as output a SPICE(Simulation Program with Integrated Circuit Emphasis) format netlist. Readers then can use this netlist to run simulations with any version of the popular SPICE simulator, increasing accuracy of the final results, without violating any of the key principles of the traditional design scheme.
650 0 _aElectronic circuits.
650 0 _aElectronics.
650 0 _aMicroelectronics.
650 1 4 _aCircuits and Systems.
_0http://scigraph.springernature.com/things/product-market-codes/T24068
650 2 4 _aElectronic Circuits and Devices.
_0http://scigraph.springernature.com/things/product-market-codes/P31010
650 2 4 _aElectronics and Microelectronics, Instrumentation.
_0http://scigraph.springernature.com/things/product-market-codes/T24027
710 2 _aSpringerLink (Online service)
773 0 _tSpringer eBooks
776 0 8 _iPrinted edition:
_z9783319434698
776 0 8 _iPrinted edition:
_z9783319434711
856 4 0 _uhttps://doi.org/10.1007/978-3-319-43470-4
912 _aZDB-2-ENG
999 _c445939
_d445939
942 _cEB
506 _aAvailable to subscribing member institutions only. Доступно лише організаціям членам підписки.
506 _fOnline access from local network of NaUOA.
506 _fOnline access with authorization at https://link.springer.com/
506 _fОнлайн-доступ з локальної мережі НаУОА.
506 _fОнлайн доступ з авторизацією на https://link.springer.com/